[Event "NOR-ch Class4"]
[Site "Lillehammer"]
[Date "2013.06.29"]
[Round "4"]
[White "Nordbye, Per H"]
[Black "Larsen, Per Magnus"]
[Result "0-1"]
[WhiteElo "1001"]
[BlackElo "980"]
[PlyCount "94"]
[EventDate "2013.06.29"]
[EventType "swiss"]
[EventRounds "9"]
[EventCountry "NOR"]
[SourceTitle "EXT 2017"]
[Source "ChessBase"]
[SourceDate "2016.10.25"]
[SourceVersion "1"]
[SourceVersionDate "2016.10.25"]
[SourceQuality "1"]

1. d4 Nf6 2. Nf3 e6 3. e3 d5 4. c4 Bb4+ 5. Bd2 Be7 6. b3 0-0 7. Bd3 b6 8. 0-0 Re8 9. Qc2 Bb7 10. Ne5 Nbd7 11. a3 Nxe5 12. dxe5 Ne4 13. f3 dxc4 14. Qxc4 Nxd2 15. Nxd2 Bd5 16. Qc2 g6 17. Be4 c5 18. a4 Rb8 19. Rad1 Qc8 20. f4 Qc6 21. Bxd5 exd5 22. Nf3 b5 23. f5 c4 24. f6 Bf8 25. axb5 Rxb5 26. Nd4 Qb7 27. Nxb5 Qxb5 28. bxc4 dxc4 29. Ra1 Bc5 30. Qe4 Bb6 31. Rab1 Qc5 32. Qd4 Qxd4 33. exd4 Bxd4+ 34. Kh1 Bxe5 35. Rb7 Bxf6 36. g4 c3 37. Rc7 Kg7 38. g5 Be7 39. Re1 Bd6 40. Rxe8 Bxc7 41. Rc8 Be5 42. Rc5 f6 43. Kg2 a5 44. Kf3 a4 45. Ke2 a3 46. Ra5 c2 47. Kd2 Bc3+ 0-1

[Event "NOR-ch Class4"]
[Site "Lillehammer"]
[Date "2013.06.29"]
[Round "1"]
[White "Skotheim, Havard"]
[Black "Nordbye, Per H"]
[Result "1-0"]
[WhiteElo "1152"]
[BlackElo "1001"]
[PlyCount "65"]
[EventDate "2013.06.29"]
[EventType "swiss"]
[EventRounds "9"]
[EventCountry "NOR"]
[SourceTitle "EXT 2017"]
[Source "ChessBase"]
[SourceDate "2016.10.25"]
[SourceVersion "1"]
[SourceVersionDate "2016.10.25"]
[SourceQuality "1"]

1. e4 e5 2. Nf3 Nc6 3. Bc4 Nf6 4. Ng5 d5 5. exd5 Nxd5 6. d4 Bf5 7. dxe5 Ncb4 8. Na3 c6 9. c3 Na6 10. 0-0 Be7 11. Qf3 Be6 12. Qg3 Qc7 13. Nxe6 fxe6 14. Qxg7 0-0-0 15. Nc2 Rdg8 16. Qf7 Nc5 17. Bh6 Rg6 18. Bd2 Rhg8 19. g3 R6g7 20. Qh5 Ne4 21. Bh6 Rg6 22. Rfe1 Rg4 23. Be2 Rh4 24. Qf7 Rxh6 25. Qxg8+ Kd7 26. Bg4 Rg6 27. Bxe6+ Rxe6 28. Rxe4 Nf6 29. exf6 Rxe4 30. f7 Qd6 31. Qe8+ Kc7 32. f8Q Bxf8 33. Qxe4 1-0